Normal view
MARC view
- Zaid Tahir
Entry Personal Name
001 - CONTROL NUMBER
- control field: 15896
003 - CONTROL NUMBER IDENTIFIER
- control field: NUST
005 - DATE AND TIME OF LATEST TRANSACTION
- control field: 20190628064623.0
008 - FIXED-LENGTH DATA ELEMENTS
- fixed length control field: 190628|| aca||aabn | a|a d
040 ## - CATALOGING SOURCE
- Original cataloging agency: NUST
- Transcribing agency: NUST
100 ## - HEADING--PERSONAL NAME
- Personal name: Zaid Tahir
670 ## - SOURCE DATA FOUND
- Source citation: Work cat.: (NUST): Zaid Tahir, Potentially Guided Bidirectionalized RRT*for Fast Optimal Path Planning in Cluttered Environment /, 2018.
